| 000 | 00741nam a2200217Ii 4500 | ||
|---|---|---|---|
| 003 | JO-AjNU | ||
| 008 | 230605s9999||||xx |||||||||||||| ||und|| | ||
| 017 | _a17/3539 | ||
| 020 | _a9960-34-004-X | ||
| 040 |
_aJO-AjNU _bara _erda _cJO-AjNU |
||
| 041 | _aara | ||
| 050 | 1 | 4 | _aPJ7862.H556.Z87 1900 |
| 100 | 3 |
_aجمع وإعداد الشراري، سليمان الأفنس, _eauthor _911924 |
|
| 245 | 0 | 0 | _aالشاعر سعيد بن غيثه الشراري شاعر بني كلب المعاصر |
| 264 | 3 | 1 | _aالرياض:المؤلف،1900 |
| 300 | _a143ص | ||
| 336 |
_atext _btxt _2rdacontent |
||
| 337 |
_aunmediated _bn _2rdamedia |
||
| 338 |
_avolume _bnc _2rdacarrier |
||
| 650 | 4 |
_aالشعر العربي - السعودية _911925 |
|
| 999 |
_aA2574 _c6142 _d6142 |
||